Dalits in contemporary India : (Record no. 19551)

MARC details
000 -LEADER
fixed length control field 01111nam a22002777a 4500
008 - FIXED-LENGTH DATA ELEMENTS--GENERAL INFORMATION
fixed length control field 081205t xxu||||| |||| 00| 0 eng d
010 ## - LCCN (DPL NO)
LC control number ENG-92046
020 ## - INTERNATIONAL STANDARD BOOK NUMBER
Terms of availability 700.00
International Standard Book Number 9788190465304 (series)
020 ## - INTERNATIONAL STANDARD BOOK NUMBER
Terms of availability 700.00
International Standard Book Number 9788190465311 (V.1)
035 ## - SYSTEM CONTROL NUMBER
System control number EN-75579
037 ## - SOURCE OF ACQUISITION
Source of stock number/acquisition DBAD / PUB
040 ## - CATALOGING SOURCE
Original cataloging agency dpl
Language of cataloging English
082 ## - DEWEY DECIMAL CLASSIFICATION NUMBER
Classification number 305.562
245 ## - TITLE STATEMENT
Title Dalits in contemporary India :
Statement of responsibility, etc edited by Nandu Ram
Remainder of title discrimination and discontent /
250 ## - EDITION STATEMENT
Edition statement 1st ed.
260 ## - PUBLICATION, DISTRIBUTION, ETC. (IMPRINT)
Place of publication, distribution, etc New Delhi
Name of publisher, distributor, etc Siddhant Publications
Date of publication, distribution, etc 2008-
270 ## - ADDRESS
Address 62-A, Munirka
City New Delhi
Postal code 110067
300 ## - PHYSICAL DESCRIPTION
Extent v. <1>
Dimensions 22cm (Hb)
500 ## - GENERAL NOTE
General note Includes bibliographical references and index.
505 ## - FORMATTED CONTENTS NOTE
Formatted contents note v.1- Discrimination and discontent.
650 ## - SUBJECT ADDED ENTRY--TOPICAL TERM
Topical term or geographic name as entry element Dalits
Geographic subdivision India
650 ## - SUBJECT ADDED ENTRY--TOPICAL TERM
Topical term or geographic name as entry element Dalits
Geographic subdivision India
General subdivision Social conditions
700 ## - ADDED ENTRY--PERSONAL NAME
Personal name Nandu Ram, 1946-
942 ## - ADDED ENTRY ELEMENTS (KOHA)
Source of classification or shelving scheme Dewey Decimal Classification
Item type English Books
Call number suffix DAL
Classification part 305.562
Holdings
Withdrawn status Lost status Source of classification or shelving scheme Materials specified (bound volume or other part) Damaged status Not for loan Collection code Home library Current library Date acquired Source of acquisition Cost, normal purchase price Total Checkouts Full call number Barcode Date last seen Copy number Cost, replacement price Koha item type Public note
    Dewey Decimal Classification V.1- Discr   Not For Loan Non-fiction D.B.Act.Division D.B.Act.Division 05/12/2008 DBAD / PUB 700.00   305.562 DAL EN-75579 05/12/2008 1 700.00 English Books V.1- Discrimination and discontent

© Delhi Public Library
Hit Counter
free hit counter